书目信息 |
| 题名: |
马克思主义政治经济学的形成
|
|
| 作者: | 马雷什 著 ;刘品大 译 | |
| 分册: | ||
| 出版信息: | 成都 四川人民出版社 1983 |
|
| 页数: | 355页 | |
| 开本: | 21cm | |
| 丛书名: | ||
| 单 册: | ||
| 中图分类: | A811.66 | |
| 科图分类: | ||
| 主题词: | 马恩著作研究--专题汇编--经济 | |
| 电子资源: | ||
| ISBN: | ||
| 000 | 00743nam0 2200241 45 | |
| 001 | 0183002993 | |
| 005 | 20060815164935.50 | |
| 010 | @dCNY1.14 | |
| 091 | @a3118.225 | |
| 100 | @a19951001d1983 em y0chiy0121 ea | |
| 101 | 1 | @achi@crus |
| 102 | @aCN@b510000 | |
| 105 | @ay z 000yy | |
| 200 | 10 | @a马克思主义政治经济学的形成@Ama ke si zhu yi zheng zhi jing ji xue de xing cheng@f(苏)阿·伊·马雷什著@F(Su)A·Yi·Ma Lei Shen Zhu@g刘品大等译 |
| 210 | @a成都@c四川人民出版社@d1983 | |
| 215 | @a355页@d21cm | |
| 606 | 0 | @a马恩著作研究@x专题汇编@x经济 |
| 690 | @aA811.66@v3 | |
| 701 | 0 | @a马雷什@4著 |
| 702 | 0 | @a刘品大@Aliu pin da@4译 |
| 801 | 2 | @aCN@bNLC@c20060815 |
| 801 | 0 | @aCN@b上海图书馆@c20060721 |
| 905 | @dA811.66@e37@f1@b87772 | |
| 马克思主义政治经济学的形成/(苏)阿·伊·马雷什著/刘品大等译.-成都:四川人民出版社,1983 |
| 355页;21cm |
| ISBN :CNY1.14 |
| ● |
| 相关链接 |
|
|
|
|
正题名:马克思主义政治经济学的形成
索取号:A811.66/37
 
预约/预借
| 序号 | 登录号 | 条形码 | 馆藏地/架位号 | 状态 | 备注 |
| 1 | 0087768 | 001867778 | 密集书库/ [索取号:A811.66/37] | 在馆 | |
| 2 | 0087769 | 000949816 | 第一借阅区/ [索取号:A811.66/37] | 在馆 | |
| 3 | 0087770 | 000956889 | 第一借阅区/ [索取号:A811.66/37] | 在馆 | |
| 4 | 0087771 | 001867732 | 密集书库/ [索取号:A811.66/37] | 在馆 | |
| 5 | 0087772 | 000956843 | 第一样本阅览室/ [索取号:A811.66/37] | 在馆 | |
| 6 | 0425110 | 204251102 | 密集书库/ [索取号:A811.66/37] | 在馆 | |
| 7 | 0425475 | 204254751 | 密集书库/ [索取号:A811.66/37] | 在馆 | |
| 8 | 0460414 | 204604142 | 密集书库/ [索取号:A811.66/37] | 在馆 |